| 000 | 00679 a2200205 4500 | ||
|---|---|---|---|
| 010 | _aENG-89684 | ||
| 020 |
_a8178242192 _c295.00 |
||
| 035 | _aEN-73217 | ||
| 037 | _bDBAD / VEN | ||
| 082 | 1 | 4 | _a884 |
| 090 |
_c11460 _d11460 |
||
| 100 | 1 | _aGuha, Ramachandra | |
| 245 | 1 |
_aThe last liberal & other essays/ _cby Ramachandra Guha |
|
| 260 |
_aRanikhet _bPermanent Black _c2007 |
||
| 260 |
_aNew Delhi _bOrient Longman _c2007 |
||
| 270 |
_aHimalayana Mall Raod, Ranikhet Cantt., _bRanikhet _e263645 |
||
| 300 |
_aviii,282p.; _c22 cm (pbk) |
||
| 942 |
_adpl _cEN _k884 / GUH |
||
| 999 |
_c11145 _d11145 |
||